| 000 | 00366nam a22001457a 4500 | ||
|---|---|---|---|
| 003 | MACL | ||
| 005 | 20200204170929.0 | ||
| 008 | 200204b xxu||||| |||| 00| 0 eng d | ||
| 040 | _c MACL | ||
| 100 |
_aBanerjee, Rajat Kumar _965431 |
||
| 245 | _aSports Encyclopaedia | ||
| 260 |
_aDelhi _bKhel Sahitya Kendra _c2016 |
||
| 650 |
_aSports _978031 |
||
| 942 |
_2ddc _cBK |
||
| 999 |
_c61947 _d61947 |
||